[Event "SportAccord Blitz w 2014"]
[Site "Beijing CHN"]
[Date "2014.12.14"]
[Round "17.1"]
[White "Zhao, Xue"]
[Black "Muzychuk, Anna"]
[Result "1-0"]
[WhiteTitle "GM"]
[BlackTitle "GM"]
[WhiteElo "2514"]
[BlackElo "2545"]
[WhiteFideId "8601283"]
[BlackFideId "14111330"]
[EventDate "2014.12.13"]

1. Nf3 f5 2. b3 d6 3. d4 Nf6 4. Bb2 g6 5. c4 Bg7 6. Nbd2 O-O 7. e3 e6 8. Be2 Nc6
9. Qc2 Qe7 10. e4 e5 11. dxe5 dxe5 12. O-O f4 13. c5 h6 14. b4 Nh5 15. b5 Nd8
16. Bc4+ Kh7 17. Be2 Nf7 18. Nc4 Re8 19. c6 bxc6 20. bxc6 Bg4 21. Rfd1 Rad8 22.
Na5 g5 23. Nb7 Rxd1+ 24. Rxd1 Nf6 25. h3 Bc8 26. Qc5 h5 27. Bc4 Nxe4 28. Bd3 Bf5
29. Qc2 Qb4 30. a3 Qe7 31. Bxe4 Bxe4 32. Qxe4+ Kh6 33. Rd7 Qf6 34. Qd5 Rf8 35.
Nc5 g4 36. Ne6 Rg8 37. Nxc7 gxf3 38. Rxf7 Qg6 39. Qe6 Rc8 40. Qxg6+ Kxg6 41. Rd7
fxg2 42. Kxg2 f3+ 43. Kg3 Bf6 44. h4 Kf5 45. Bc3 Rg8+ 46. Kh3 Rg4 47. Nd5 Rxh4+
48. Kg3 Rg4+ 49. Kxf3 e4+ 50. Ke2 Bxc3 51. Ne3+ 1-0

[Event "SportAccord Blitz w 2014"]
[Site "Beijing CHN"]
[Date "2014.12.14"]
[Round "17.2"]
[White "Muzychuk, Mariya"]
[Black "Kosintseva, Tatiana"]
[Result "1/2-1/2"]
[WhiteTitle "IM"]
[BlackTitle "GM"]
[WhiteElo "2529"]
[BlackElo "2483"]
[WhiteFideId "14114550"]
[BlackFideId "4133471"]
[EventDate "2014.12.13"]

1. e4 e5 2. Nf3 Nc6 3. d4 exd4 4. Nxd4 Bc5 5. Nb3 Bb6 6. Nc3 Nge7 7. Qe2 O-O 8.
Be3 f5 9. O-O-O fxe4 10. g3 d5 11. Bg2 d4 12. Nxd4 Bxd4 13. Bxd4 Nxd4 14. Qc4+
Be6 15. Qxd4 Qxd4 16. Rxd4 Rxf2 17. Bxe4 Nf5 18. Rd2 Rxd2 19. Kxd2 c6 20. Re1
Nd4 21. Ne2 Rd8 22. Nxd4 Rxd4+ 23. Kc3 Rd6 24. a4 a5 25. Bf3 Kf7 26. Re5 b6 27.
Re3 c5 28. Rd3 Ke7 29. Be4 h6 30. b3 Bf7 31. Bf5 Rxd3+ 32. Kxd3 Kf6 33. Be4 Ke5
34. Ke3 Be6 35. Bd3 Bg4 36. h4 Be6 37. Be2 Bd5 38. Bd3 Bf7 39. Be2 Bg6 40. c3
Bc2 41. Bc4 Bd1 42. Bg8 Kf5 43. Bf7 Kg4 44. Kf2 Kh3 45. Be6+ Bg4 46. Bf7 Bd7 47.
Bc4 Bf5 48. Bd5 Bd7 49. Bc4 Bf5 50. Bf1+ Kh2 51. Bc4 Bc2 52. Bd5 Bd1 53. Bc4 Bg4
54. Bd5 Bf5 55. Bc4 Kh3 56. Bd5 Bc2 57. Be6+ Kh2 58. Bd5 Bf5 59. Bc4 Bd7 60. Bd5
Kh3 61. Bc4 Kg4 62. Bd5 g5 63. hxg5 Kxg5 64. Bc4 Kf5 65. Ke3 Ke5 66. Bf7 Bc6 67.
Bg8 Be8 68. Bc4 Bg6 69. Bg8 Bc2 70. Bf7 Bd1 71. Bg8 Bg4 72. Bf7 Bd7 73. Bc4 Bc6
74. Bg8 b5 75. axb5 Bxb5 76. Bf7 Bc6 77. Bg8 Bb7 78. Bc4 Bc8 79. Bg8 Ba6 80. Bf7
Bb5 81. Bg8 Bd7 82. Bf7 Bf5 83. Bg8 Bc2 84. Bf7 Bd1 85. Bg8 Kf5 86. Bf7 Kg4 87.
Kf2 Bc2 88. Be6+ Kg5 89. Ke3 Kf6 90. Bg8 Ke5 91. Bf7 Bd1 92. Bg8 Bg4 93. Bf7 Bd7
94. Bg8 Bc6 95. Bf7 Kf5 96. Bg8 Kg4 97. Kf2 Bd7 98. Bf7 Bf5 99. Bg8 Bd3 100.
Be6+ Kg5 101. Ke3 Bc2 102. Bf7 Kg4 103. Kf2 Kf5 104. Ke3 Ke5 105. Bg8 Be4 106.
Bf7 Bc6 107. Bg8 Bd7 108. Bf7 1/2-1/2

[Event "SportAccord Blitz w 2014"]
[Site "Beijing CHN"]
[Date "2014.12.14"]
[Round "17.3"]
[White "Cramling, Pia"]
[Black "Harika, Dronavalli"]
[Result "0-1"]
[WhiteTitle "GM"]
[BlackTitle "GM"]
[WhiteElo "2518"]
[BlackElo "2505"]
[WhiteFideId "1700030"]
[BlackFideId "5015197"]
[EventDate "2014.12.13"]

1. d4 d6 2. e4 g6 3. Nf3 Bg7 4. Bc4 e6 5. Qe2 Ne7 6. Bb3 Nd7 7. c3 b6 8. a4 a6
9. Be3 Bb7 10. Nbd2 h6 11. h4 Nf6 12. Bf4 d5 13. exd5 Nfxd5 14. Be5 O-O 15. Bxg7
Kxg7 16. Qe5+ f6 17. Qe2 Nf4 18. Qf1 b5 19. g3 Nfd5 20. Qe2 Nf5 21. O-O Qd7 22.
Rfe1 Rfe8 23. axb5 axb5 24. Rxa8 Bxa8 25. Ne4 Qc6 26. Ned2 b4 27. c4 Nf4 28.
gxf4 Nxd4 29. Qe3 Nxf3+ 30. Nxf3 Qxf3 31. Qxf3 Bxf3 32. c5 e5 33. Re3 Bc6 34.
fxe5 fxe5 35. Kh2 Kf6 36. Kg3 Rd8 37. Bc4 Rd4 38. b3 h5 39. Re1 Rg4+ 40. Kh3 Bd7
41. Kh2 Rxh4+ 42. Kg3 Rg4+ 43. Kh2 Bc6 44. Ra1 Rg2+ 45. Kh3 Kg5 46. Ra6 Bf3 47.
Re6 e4 48. Re5+ Kh6 49. Re7 Rxf2 50. Rxc7 e3 51. Re7 Bg4+ 52. Kg3 Rf3+ 53. Kg2
Rf2+ 54. Kg3 Rf3+ 55. Kg2 Kg5 56. c6 Rf2+ 57. Kg3 h4# 0-1

[Event "SportAccord Blitz w 2014"]
[Site "Beijing CHN"]
[Date "2014.12.14"]
[Round "17.4"]
[White "Khotenashvili, Bela"]
[Black "Gunina, Valentina"]
[Result "0-1"]
[WhiteTitle "GM"]
[BlackTitle "GM"]
[WhiteElo "2504"]
[BlackElo "2522"]
[WhiteFideId "13602640"]
[BlackFideId "4167570"]
[EventDate "2014.12.13"]

1. d4 Nf6 2. Nc3 d5 3. Bf4 e6 4. e3 c6 5. h3 Bd6 6. Nf3 O-O 7. Bd3 Bxf4 8. exf4
Qb6 9. Rb1 c5 10. dxc5 Qxc5 11. O-O Nc6 12. Na4 Qb4 13. c4 dxc4 14. a3 Qb5 15.
Nc3 Qc5 16. Bc2 b5 17. Qe2 Bb7 18. Ne4 Nxe4 19. Qxe4 g6 20. Rfd1 Rad8 21. Ng5
Ba8 22. Qe1 Nd4 23. Be4 h6 24. Nf3 Nxf3+ 25. gxf3 Bxe4 26. fxe4 Rd4 27. Qe3 Rfd8
28. Rxd4 Qxd4 29. b3 Qxe3 30. fxe3 Rd3 31. bxc4 bxc4 32. Rc1 Rxe3 33. Rxc4 Rxa3
34. Kg2 Kg7 35. Rc7 g5 36. fxg5 hxg5 37. Rc5 Kf6 38. e5+ Kg6 39. Rc7 a5 40. Ra7
a4 41. Kh2 Ra1 42. Kg2 a3 43. Ra8 Kf5 44. Ra7 Kxe5 45. Rxf7 Rb1 46. Ra7 Rb3 47.
Ra4 Kf5 0-1

[Event "SportAccord Blitz w 2014"]
[Site "Beijing CHN"]
[Date "2014.12.14"]
[Round "17.6"]
[White "Ushenina, Anna"]
[Black "Koneru, Humpy"]
[Result "1/2-1/2"]
[WhiteTitle "GM"]
[BlackTitle "GM"]
[WhiteElo "2494"]
[BlackElo "2581"]
[WhiteFideId "14110911"]
[BlackFideId "5008123"]
[EventDate "2014.12.13"]

1. d4 d5 2. Nf3 Nf6 3. e3 e6 4. Bd3 Bd6 5. O-O b6 6. b3 Bb7 7. Nbd2 Nbd7 8. c4
O-O 9. Bb2 Qe7 10. Ne5 Rad8 11. cxd5 Bxe5 12. dxe5 Nxd5 13. Qh5 f5 14. exf6
N5xf6 15. Qh4 Qd6 16. Bd4 c5 17. Bxf6 Nxf6 18. Be4 Qxd2 19. Bxb7 Rd7 20. Ba6
Rfd8 21. Bc4 Qd6 22. a4 Qe7 23. Qf4 Nd5 24. Qe5 Rd6 25. Rad1 Nc7 26. Rxd6 Qxd6
27. Qe4 h6 28. g3 a6 29. h4 b5 30. axb5 axb5 31. Be2 Qd5 32. Qc2 Rd6 33. Rc1 Rc6
34. Bf1 Qe5 35. Qg6 Rd6 36. Qc2 Rd5 37. Bg2 Rd8 38. Qxc5 Rd1+ 39. Kh2 Qxc5 40.
Rxc5 Ne8 41. Rxb5 Nf6 42. Bf3 Rd2 43. Kg2 Rb2 44. b4 Kf7 45. Rb7+ Kg6 46. b5 e5
47. Rb6 h5 48. Rb8 e4 49. Bd1 Nd5 50. Ba4 Nxe3+ 51. Kh3 Rxf2 52. Rb6+ Kh7 53.
Rc6 Ra2 54. Bb3 Rb2 55. Rc3 Ng4 56. Bc2 Rxb5 57. Bxe4+ Kg8 58. Bg6 Kf8 59. Bxh5
Nf2+ 60. Kg2 Ne4 61. Rc8+ Ke7 62. Bg6 Rb2+ 63. Kf3 Nd2+ 64. Kg4 Rb7 65. h5 Rb4+
66. Kh3 Nf3 67. Rc7+ Ke6 68. Rxg7 Ng5+ 69. Kg2 Rb2+ 70. Kf1 Ke5 71. Re7+ Kf6 72.
Re8 Kg7 73. Re7+ Kf6 74. Re3 Rd2 75. Ke1 Rh2 76. g4 Rg2 77. Bf5 Rh2 78. Rc3 Ke5
79. Kd1 Kf4 80. Kc1 Nf3 81. Rc4+ Ke3 82. Rc2 Rh1+ 83. Kb2 Nd4 84. Rc3+ Kf4 85.
Rc4 Ke5 86. Rc5+ Kf4 87. Rc4 Ke5 88. Rb4 Nxf5 89. Rb5+ Kf4 90. gxf5 Rxh5 91. Kc3
Rxf5 92. Rb4+ Kg5 93. Kc4 Kf6 94. Rb5 Rxb5 95. Kxb5 1/2-1/2

[Event "SportAccord Blitz w 2014"]
[Site "Beijing CHN"]
[Date "2014.12.13"]
[Round "17.7"]
[White "Paehtz, Elisabeth"]
[Black "Stefanova, Antoaneta"]
[Result "0-1"]
[WhiteTitle "IM"]
[BlackTitle "GM"]
[WhiteElo "2485"]
[BlackElo "2517"]
[WhiteFideId "4641833"]
[BlackFideId "2902257"]
[EventDate "2014.12.13"]

1. e4 e5 2. Nf3 Nc6 3. Bc4 Bc5 4. d3 Nf6 5. c3 O-O 6. Bb3 d6 7. h3 Bb6 8. Nbd2
Ne7 9. Nf1 Ng6 10. Ng3 h6 11. Qe2 Re8 12. Nh2 d5 13. O-O Be6 14. Rd1 c6 15. Qf3
Nh4 16. Qe2 Qd7 17. Be3 d4 18. cxd4 Bxd4 19. Bxe6 Rxe6 20. Ng4 Rd8 21. Rac1 Bxe3
22. Nxe3 Ng6 23. Qf3 Rd6 24. Nef5 Rxd3 25. Rxd3 Qxd3 26. Nxh6+ Kf8 27. Qf5 Qd2
28. Rc3 Qxh6 29. Rb3 b6 30. Qf3 Qf4 31. Qc3 c5 32. Qc4 Rd1+ 33. Kh2 Qxf2 34. Nf5
Nh5 35. h4 Ngf4 0-1

[Event "SportAccord Blitz w 2014"]
[Site "Beijing CHN"]
[Date "2014.12.14"]
[Round "17.8"]
[White "Dzagnidze, Nana"]
[Black "Hou, Yifan"]
[Result "0-1"]
[WhiteTitle "GM"]
[BlackTitle "GM"]
[WhiteElo "2570"]
[BlackElo "2673"]
[WhiteFideId "13601903"]
[BlackFideId "8602980"]
[EventDate "2014.12.13"]

1. d4 e6 2. Nf3 Nf6 3. c4 c5 4. d5 exd5 5. cxd5 d6 6. Nc3 g6 7. h3 a6 8. a4 Qe7
9. Bf4 Nbd7 10. e3 Bg7 11. Be2 O-O 12. O-O Rb8 13. Qc2 Ne8 14. Rfd1 Ne5 15. Bxe5
Bxe5 16. Nxe5 Qxe5 17. a5 b5 18. axb6 Rxb6 19. Ra4 Nc7 20. Rf4 Bf5 21. Qd2 Rfb8
22. Na4 Rb4 23. Rxb4 cxb4 24. Qd4 Qxd4 25. Rxd4 Bd7 26. b3 Bxa4 27. bxa4 b3 28.
Bd3 a5 29. Kf1 b2 30. Bb1 Na6 31. Ke1 Rc8 32. Rd2 Rc1+ 33. Rd1 Nc5 34. Ke2 Nxa4
35. Kd2 Rc5 36. e4 Nc3 37. Re1 a4 38. Kc2 a3 39. Kb3 Nxb1 40. Rxb1 Rc1 41. Ka2
Kg7 42. f4 Kf6 43. g3 h5 44. g4 hxg4 45. hxg4 g5 0-1

[Event "SportAccord Blitz w 2014"]
[Site "Beijing CHN"]
[Date "2014.12.14"]
[Round "18.2"]
[White "Ju, Wenjun"]
[Black "Khotenashvili, Bela"]
[Result "1-0"]
[WhiteTitle "GM"]
[BlackTitle "GM"]
[WhiteElo "2568"]
[BlackElo "2504"]
[WhiteFideId "8603006"]
[BlackFideId "13602640"]
[EventDate "2014.12.13"]

1. c4 g6 2. g3 Bg7 3. Bg2 Nc6 4. Nc3 e5 5. e3 f5 6. Nge2 Nf6 7. O-O O-O 8. d3 d6
9. Rb1 Be6 10. b4 Qd7 11. b5 Nd8 12. f4 exf4 13. Nxf4 Bf7 14. Ncd5 Nxd5 15. Nxd5
c6 16. Nf4 d5 17. bxc6 bxc6 18. cxd5 cxd5 19. Qf3 Rc8 20. Nxd5 Rc2 21. Ba3 Re8
22. Nb4 Rxg2+ 23. Qxg2 a5 24. Nc2 Qxd3 25. Rfd1 Qa6 26. Bb2 Bh6 27. Qd2 Ne6 28.
Qd6 Qe2 29. Qd2 Qf3 30. Rf1 Qe4 31. Rbe1 Ng5 32. h4 Ne6 33. Nd4 Nxd4 34. Bxd4
Bd5 35. Kh2 Bf8 36. Ba1 Bd6 37. Rf4 Bxf4 38. gxf4 Qf3 39. Rd1 Be4 40. Qb2 Qg2+
41. Qxg2 Bxg2 42. Kxg2 Rxe3 43. Rd2 Re4 44. Be5 a4 45. Kf3 h6 46. Rd6 Kh7 47.
Rd7+ Kg8 48. Rg7+ Kf8 49. Rxg6 Rc4 50. Rxh6 Rc2 51. a3 Rd2 52. Rf6+ Ke7 53. Rxf5
Rd3+ 54. Kg4 Rxa3 55. Rf6 Ra2 56. Ra6 a3 57. Bd6+ Kf7 58. Bxa3 Rc2 59. h5 Rc8
60. Ra7+ Ke6 61. h6 Rg8+ 62. Kh5 Rg2 63. h7 Kf5 64. Ra5+ Ke6 65. Kh6 Kf7 66.
Ra7+ Ke6 67. Bb2 Rxb2 68. h8=Q Rh2+ 69. Kg7 1-0

[Event "SportAccord Blitz w 2014"]
[Site "Beijing CHN"]
[Date "2014.12.14"]
[Round "18.3"]
[White "Gunina, Valentina"]
[Black "Cramling, Pia"]
[Result "1-0"]
[WhiteTitle "GM"]
[BlackTitle "GM"]
[WhiteElo "2522"]
[BlackElo "2518"]
[WhiteFideId "4167570"]
[BlackFideId "1700030"]
[EventDate "2014.12.13"]

1. d4 Nf6 2. c4 e6 3. Nf3 Bb4+ 4. Bd2 a5 5. e3 O-O 6. Bd3 b6 7. O-O Bb7 8. Qe2
d6 9. Bc1 d5 10. cxd5 exd5 11. Ne5 Re8 12. a3 Bd6 13. f4 Ne4 14. Nc3 f6 15. Bxe4
dxe4 16. Qc4+ 1-0

[Event "SportAccord Blitz w 2014"]
[Site "Beijing CHN"]
[Date "2014.12.14"]
[Round "18.4"]
[White "Harika, Dronavalli"]
[Black "Muzychuk, Mariya"]
[Result "1-0"]
[WhiteTitle "GM"]
[BlackTitle "IM"]
[WhiteElo "2505"]
[BlackElo "2529"]
[WhiteFideId "5015197"]
[BlackFideId "14114550"]
[EventDate "2014.12.13"]

1. d4 d5 2. Bg5 Nf6 3. Bxf6 exf6 4. e3 Bd6 5. g3 O-O 6. Bg2 c6 7. Ne2 Bf5 8. Nd2
Re8 9. O-O Na6 10. c4 dxc4 11. Nxc4 Bc7 12. a3 Qd7 13. Re1 Be4 14. Nc3 Bxg2 15.
Kxg2 b5 16. Nd2 c5 17. Nb3 cxd4 18. Nxd4 b4 19. axb4 Nxb4 20. Qf3 Nd3 21. Re2
Bb6 22. Rd2 Ne5 23. Qd5 Rad8 24. Qxd7 Rxd7 25. Nb3 Rxd2 26. Nxd2 Rd8 27. Nf3 Nc4
28. Na4 g6 29. Rc1 Nd6 30. Nxb6 axb6 31. Rc6 b5 32. Nd4 Nc4 33. b3 Nd6 34. Rb6
Kg7 35. Nxb5 Ne4 36. Nd4 Ra8 37. Rc6 f5 38. Rc2 Ra1 39. Rb2 Ra6 40. b4 Rb6 41.
b5 Kf6 42. Rc2 Ke5 43. Rc7 Nd6 44. Kf3 h5 45. h4 Kd5 46. Rd7 Kc5 47. Rc7+ Kd5
48. Rd7 Kc5 49. Kf4 f6 50. Kf3 Nxb5 51. Nxb5 Rxb5 52. Rg7 Kd6 53. Rxg6 Ke6 54.
Rh6 f4 55. gxf4 Ra5 56. Kg3 Rb5 57. e4 Rb3+ 58. f3 Rb5 59. f5+ Ke5 60. Rxh5 Rb8
61. Rh6 Rb1 62. Rg6 Rg1+ 63. Kh2 Rf1 64. Kg2 Rb1 65. Rg4 Rb2+ 66. Kg3 Rb1 67. h5
Rh1 68. Rh4 Rg1+ 69. Kf2 Rg7 70. h6 Rh7 71. Kg3 1-0

[Event "SportAccord Blitz w 2014"]
[Site "Beijing CHN"]
[Date "2014.12.14"]
[Round "18.5"]
[White "Kosintseva, Tatiana"]
[Black "Zhao, Xue"]
[Result "0-1"]
[WhiteTitle "GM"]
[BlackTitle "GM"]
[WhiteElo "2483"]
[BlackElo "2514"]
[WhiteFideId "4133471"]
[BlackFideId "8601283"]
[EventDate "2014.12.13"]

1. e4 b6 2. d4 e6 3. Nf3 d5 4. Bd3 Ne7 5. O-O a5 6. c4 dxc4 7. Bxc4 Ba6 8. Bxa6
Nxa6 9. Nc3 Ng6 10. Be3 Be7 11. Rc1 O-O 12. Qe2 Qc8 13. Rfd1 Qb7 14. a3 Rfd8 15.
Qc4 Rd7 16. d5 e5 17. Nb5 Rad8 18. Qc6 Qb8 19. h4 Bc5 20. Bg5 Ne7 21. Bxe7 Rxe7
22. Nc3 Rd6 23. Qb5 Qc8 24. Na4 Rg6 25. Qf1 Qg4 26. Nh2 Qxe4 27. Rc4 Rxg2+ 28.
Qxg2 Qxc4 29. Nc3 h6 30. d6 cxd6 31. Nd5 Re6 32. Ng4 Qb3 33. Rc1 h5 34. Nge3 Rg6
35. Ne7+ Kh7 36. Nxg6 fxg6 37. Qe4 Nc7 38. Qc2 Qe6 39. Ng2 Nd5 40. Qc4 Nc7 41.
b4 axb4 42. axb4 Qxc4 43. Rxc4 b5 44. Rc1 Bb6 45. Rc6 Na8 46. Rxd6 Bd4 47. Rd5
Nc7 48. Rd7 Na6 49. Rb7 Nxb4 50. Rxb5 Nd3 51. Ne3 Nf4 52. Rb7 Nd3 53. Kg2 Nf4+
54. Kf3 Nd3 55. Rb8 Nc5 56. Rc8 Nd3 57. Nd1 Nf4 58. Ra8 Nd5 59. Ke4 Ne7 60. Ne3
Nc6 61. Kd5 Nb4+ 62. Ke6 Nd3 63. Nc4 Nxf2 64. Nxe5 Bxe5 65. Kxe5 Ng4+ 66. Kf4
Nh6 67. Ra7 Nf5 68. Kg5 Nd4 69. Ra3 Ne6# 0-1

[Event "SportAccord Blitz w 2014"]
[Site "Beijing CHN"]
[Date "2014.12.14"]
[Round "18.6"]
[White "Muzychuk, Anna"]
[Black "Dzagnidze, Nana"]
[Result "1-0"]
[WhiteTitle "GM"]
[BlackTitle "GM"]
[WhiteElo "2545"]
[BlackElo "2570"]
[WhiteFideId "14111330"]
[BlackFideId "13601903"]
[EventDate "2014.12.13"]

1. e4 c5 2. Nf3 a6 3. c4 Nc6 4. d4 cxd4 5. Nxd4 d6 6. Nc3 Nf6 7. Be2 Nxd4 8.
Qxd4 e5 9. Qd3 Be6 10. Bg5 Rc8 11. b3 Be7 12. O-O Nd7 13. Be3 O-O 14. Rac1 Rc6
15. Nd5 Bg5 16. Bxg5 Qxg5 17. Qg3 Qxg3 18. hxg3 Bxd5 19. cxd5 Rxc1 20. Rxc1 Nc5
21. f3 a5 22. g4 Ra8 23. Kf2 Kf8 24. Ke3 h6 25. g3 Ke7 26. Rc3 Rh8 27. a3 Ra8
28. Bb5 Kd8 29. Ke2 Ra7 30. Kd2 b6 31. Bc6 Ke7 32. Kc2 Kd8 33. Kb2 Ke7 34. b4
axb4 35. axb4 Na6 36. Kb3 Nc7 37. Rc1 b5 38. Rh1 Kd8 39. Rg1 Ke7 40. Rh1 Kd8 41.
f4 f6 42. g5 hxg5 43. fxg5 Ke7 44. g6 f5 45. exf5 Kf6 46. g4 e4 47. Rh8 Ke5 48.
Rf8 e3 49. Rf7 Kf4 50. Rxg7 e2 51. Re7 Kf3 52. f6 1-0

[Event "SportAccord Blitz w 2014"]
[Site "Beijing CHN"]
[Date "2014.12.14"]
[Round "18.7"]
[White "Hou, Yifan"]
[Black "Paehtz, Elisabeth"]
[Result "1-0"]
[WhiteTitle "GM"]
[BlackTitle "IM"]
[WhiteElo "2673"]
[BlackElo "2485"]
[WhiteFideId "8602980"]
[BlackFideId "4641833"]
[EventDate "2014.12.13"]

1. e4 d5 2. exd5 Qxd5 3. Nc3 Qd6 4. d4 Nf6 5. Nf3 g6 6. Nb5 Qb6 7. c4 c6 8. Nc3
Bg7 9. Be2 O-O 10. O-O Rd8 11. h3 Na6 12. c5 Qc7 13. Bxa6 bxa6 14. Re1 Nd5 15.
Qe2 Bf6 16. Ne4 Bg7 17. Bd2 Bf5 18. Ng3 Bd7 19. Bg5 Re8 20. Qxa6 Rab8 21. Qe2
Rb4 22. a3 Rb5 23. Ne4 Qb8 24. Bc1 Rb3 25. Nfd2 Rb7 26. Nf3 Rb3 27. Ned2 Rb7 28.
Nc4 Be6 29. Na5 Rc7 30. Ne5 Qc8 31. Bd2 Bf5 32. Rac1 Rd8 33. b4 Nf6 34. Be3 Nd5
35. Qf3 Bxe5 36. dxe5 Nxe3 37. Rxe3 Be6 38. Rd1 Rxd1+ 39. Qxd1 Bd5 40. Qg4 Qa6
41. Qf4 Rd7 42. h4 Be6 43. Qf3 Rd5 44. h5 Qb5 45. h6 Kf8 46. Qf4 Ke8 47. Nb3
Rd1+ 48. Kh2 Qf1 49. Kg3 Qh1 50. Nd4 Bd5 51. Nf3 Rf1 52. e6 fxe6 53. Qb8+ Kf7
54. Ng5+ Kf6 55. Qf4# 1-0

[Event "SportAccord Blitz w 2014"]
[Site "Beijing CHN"]
[Date "2014.12.14"]
[Round "18.8"]
[White "Stefanova, Antoaneta"]
[Black "Ushenina, Anna"]
[Result "1/2-1/2"]
[WhiteTitle "GM"]
[BlackTitle "GM"]
[WhiteElo "2517"]
[BlackElo "2494"]
[WhiteFideId "2902257"]
[BlackFideId "14110911"]
[EventDate "2014.12.13"]

1. Nf3 d5 2. g3 c6 3. Bg2 Bg4 4. d3 Nd7 5. O-O e5 6. e4 dxe4 7. dxe4 f6 8. Be3
Bc5 9. Qe2 Bxe3 10. Qxe3 Qb6 11. Qc3 Nh6 12. Nbd2 Nf7 13. Nc4 Qc5 14. b4 Qe7 15.
a4 O-O 16. a5 Rfd8 17. a6 b6 18. Ne3 Bxf3 19. Nf5 Qf8 20. Bxf3 c5 21. b5 g6 22.
Ne3 Kg7 23. Rfd1 Ng5 24. Bg2 Ne6 25. Qc4 Qf7 26. c3 Ndf8 27. h4 h5 28. Bh3 Nc7
29. Qa4 Qe8 30. Bf1 Rxd1 31. Rxd1 Rd8 32. Rxd8 Qxd8 33. Qc2 Qd7 34. Qe2 Qd8 35.
Bh3 Qe8 36. Bf1 Qd7 37. Kh2 Qe8 38. Qd3 Qd7 39. Qe2 Qe8 40. Qd3 Qd7 41. Qe2 Qe8
42. Qd3 1/2-1/2

[Event "SportAccord Blitz w 2014"]
[Site "Beijing CHN"]
[Date "2014.12.13"]
[Round "19.1"]
[White "Muzychuk, Mariya"]
[Black "Gunina, Valentina"]
[Result "0-1"]
[WhiteTitle "IM"]
[BlackTitle "GM"]
[WhiteElo "2529"]
[BlackElo "2522"]
[WhiteFideId "14114550"]
[BlackFideId "4167570"]
[EventDate "2014.12.13"]

1. d4 d5 2. c4 e6 3. Nc3 c6 4. Nf3 Nf6 5. e3 a6 6. c5 Nbd7 7. Bd3 g6 8. O-O Bg7
9. h3 O-O 10. Qe2 Qe7 11. e4 dxe4 12. Nxe4 Nxe4 13. Bxe4 e5 14. Bg5 Qe6 15. dxe5
Nxe5 16. Rad1 h6 17. Bf4 Nxf3+ 18. Qxf3 Qxa2 19. b4 Be6 20. Rfe1 Rfe8 21. Rd6
Bd5 22. Re2 Qc4 23. Bd3 Qxb4 24. Rxe8+ Rxe8 25. Qg4 Qxc5 26. Bxg6 fxg6 27. Rxg6
Re1+ 28. Kh2 Qf8 29. Bxh6 Re7 30. Rg5 Rf7 31. Qd4 Qd6+ 32. Rg3 Qxh6 0-1

[Event "SportAccord Blitz w 2014"]
[Site "Beijing CHN"]
[Date "2014.12.14"]
[Round "19.2"]
[White "Cramling, Pia"]
[Black "Ju, Wenjun"]
[Result "0-1"]
[WhiteTitle "GM"]
[BlackTitle "GM"]
[WhiteElo "2518"]
[BlackElo "2568"]
[WhiteFideId "1700030"]
[BlackFideId "8603006"]
[EventDate "2014.12.13"]

1. d4 f5 2. g3 Nf6 3. Bg2 g6 4. c3 Bg7 5. Qb3 Nc6 6. Nh3 e6 7. Nf4 g5 8. Nd3 h6
9. h4 g4 10. h5 O-O 11. Nd2 d6 12. Nf4 Qe8 13. e4 Kh7 14. Kf1 Rf7 15. exf5 exf5
16. Nc4 Rb8 17. Bd2 Bd7 18. Re1 Re7 19. Ne3 Ne4 20. Bc1 Na5 21. Qc2 Nc4 22. Nfd5
Nxe3+ 23. Bxe3 Rf7 24. Bc1 Bc6 25. Nf4 d5 26. Kg1 Qe7 27. Kh2 Re8 28. Re3 Bf6
29. Re2 b5 30. Nd3 Rff8 31. Bf4 Qf7 32. Kg1 Ng5 33. Ne5 Bxe5 34. Bxe5 Bd7 35.
Qd3 c6 36. Qc2 Kg8 37. Qd3 Re6 38. Qc2 Rfe8 39. Qd3 Qh7 40. Qc2 Nf7 41. Rh4 Nxe5
42. dxe5 Rxe5 43. Rxe5 Rxe5 44. Qd2 Qg7 45. Rh1 Kh7 46. Kh2 Qf7 47. Kg1 Qe8 48.
Qf4 Re1+ 49. Bf1 Qe4 50. Qxe4 dxe4 51. Kg2 Be6 52. a3 Bd5 53. Kh2 e3 0-1

[Event "SportAccord Blitz w 2014"]
[Site "Beijing CHN"]
[Date "2014.12.14"]
[Round "19.3"]
[White "Khotenashvili, Bela"]
[Black "Koneru, Humpy"]
[Result "1/2-1/2"]
[WhiteTitle "GM"]
[BlackTitle "GM"]
[WhiteElo "2504"]
[BlackElo "2581"]
[WhiteFideId "13602640"]
[BlackFideId "5008123"]
[EventDate "2014.12.13"]

1. Nf3 Nf6 2. c4 e6 3. g3 d5 4. Bg2 Be7 5. b3 O-O 6. Bb2 b6 7. O-O Bb7 8. e3
Nbd7 9. Nc3 Nc5 10. d4 Nce4 11. cxd5 Nxc3 12. Bxc3 Bxd5 13. Qe2 Qc8 14. Rfd1 Qb7
15. Ne1 Bxg2 16. Nxg2 Ne4 17. Bb2 a5 18. a3 Ng5 19. f4 Ne4 20. Qf3 f5 21. Rac1
c5 22. dxc5 bxc5 23. Rd3 a4 24. Qd1 Rfd8 25. b4 cxb4 26. axb4 Qxb4 27. Ba1 a3
28. Rb1 Qc4 29. Rxd8+ Rxd8 30. Qe1 a2 31. Rc1 Qd3 32. Qa5 Qd2 33. Qc7 Bf6 34.
Bxf6 Nxf6 35. h4 Ne4 36. Kh2 h6 37. Ra1 Rd3 38. Qc8+ Kh7 39. Qxe6 Rd5 40. Qf7
Ra5 41. h5 Qd6 42. Rxa2 Rxa2 43. Qxa2 Nf6 44. Qf7 Ng4+ 45. Kh3 Qd3 46. Qg6+ Kg8
47. Qe8+ Kh7 48. Qg6+ Kg8 49. Qe8+ Kh7 50. Qg6+ 1/2-1/2

[Event "SportAccord Blitz w 2014"]
[Site "Beijing CHN"]
[Date "2014.12.14"]
[Round "19.5"]
[White "Ushenina, Anna"]
[Black "Paehtz, Elisabeth"]
[Result "0-1"]
[WhiteTitle "GM"]
[BlackTitle "IM"]
[WhiteElo "2494"]
[BlackElo "2485"]
[WhiteFideId "14110911"]
[BlackFideId "4641833"]
[EventDate "2014.12.13"]

1. d4 e6 2. Nf3 c5 3. e3 b6 4. Bd3 Bb7 5. O-O Nf6 6. b3 d6 7. Bb2 Nbd7 8. Nbd2
Be7 9. c4 O-O 10. h3 Qc7 11. Rc1 Rac8 12. Re1 Rfe8 13. Bb1 Bf8 14. a3 Qb8 15. b4
g6 16. e4 cxd4 17. Nxd4 a6 18. Qb3 Bg7 19. Nf1 Qa8 20. f3 Qb8 21. Ne3 Ne5 22.
Qd1 Nh5 23. Qd2 Bh6 24. Ba2 Red8 25. Ba1 Nf4 26. Bb1 Bg7 27. Bb2 Nh5 28. Nb3 Qc7
29. Bd4 Rb8 30. Ng4 Ba8 31. Qf2 Nf4 32. Red1 Qe7 33. Be3 g5 34. Bxb6 Rdc8 35.
Bd4 Nxc4 36. Bxg7 Kxg7 37. Qd4+ Ne5 38. Nxe5 Ne2+ 39. Kh2 Nxd4 40. Rxd4 dxe5 41.
Nc5 exd4 0-1

[Event "SportAccord Blitz w 2014"]
[Site "Beijing CHN"]
[Date "2014.12.14"]
[Round "19.6"]
[White "Muzychuk, Anna"]
[Black "Hou, Yifan"]
[Result "0-1"]
[WhiteTitle "GM"]
[BlackTitle "GM"]
[WhiteElo "2545"]
[BlackElo "2673"]
[WhiteFideId "14111330"]
[BlackFideId "8602980"]
[EventDate "2014.12.13"]

1. f4 d5 2. Nf3 c6 3. g3 Nf6 4. Bg2 g6 5. O-O Bg7 6. d3 O-O 7. Qe1 d4 8. Na3 Nd5
9. Nc4 b5 10. Na3 Nd7 11. Bd2 Nc5 12. c3 dxc3 13. bxc3 Qa5 14. Nb1 Na4 15. Ne5
Qb6+ 16. Kh1 Ne3 17. Bxe3 Qxe3 18. Nxc6 Bb7 19. Nb4 Bxg2+ 20. Kxg2 Rac8 21. Rf3
Qe6 22. d4 a5 23. Nd3 b4 24. Ne5 f6 25. Qd1 fxe5 26. dxe5 Nxc3 27. Nxc3 bxc3 28.
Rc1 g5 29. Qa4 gxf4 30. gxf4 c2 31. Rxc2 Qg6+ 0-1